| 000 | 00896nam a22002297a 4500 | ||
|---|---|---|---|
| 999 |
_c1012 _d1012 |
||
| 003 | AR-CdUCM | ||
| 008 | 190226b ||||| |||| 00| 0 spa d | ||
| 040 |
_aMUNICIPALIDAD PROVINCIAL DEL CUSCO _cBIBLIOTECA MUNICIPAL DEL CUSCO |
||
| 041 | _heng | ||
| 082 |
_28ed. _a278.860 / _bS74 |
||
| 100 |
_aSpencer, Lewis _93937 |
||
| 245 |
_aPreguntas y Respuestas Rosacruces : _bCon la Historia Completa de la Orden Rosacruz / |
||
| 260 |
_aE.U.A. : _bSan José, California, _c1979. |
||
| 300 |
_a231 paginas ; _c19 cm. |
||
| 505 | _aLa historia tradicional de la orden -- El crecimiento de la orden en oriente -- La obra de los discípulos -- El ciclo de los 108 años y "C. R.-C"... | ||
| 650 |
_aMovimiento Cristiano _93938 |
||
| 650 |
_aPersecuciones _93939 |
||
| 650 |
_aMilicia Evangelica _93940 |
||
| 650 |
_aSociedades y corporaciones _93941 |
||
| 942 |
_2ddc _cLIBROS |
||
| 945 |
_awnts _d2019-02-26 |
||